000 00383 a2200121 4500
001 ART_12554
005 20260410161907.0
008 260409a
245 1 0 _aSubstitution of Labour for Capital in the Foreign Sector
100 1 _aSolomon, Ribert F.
700 1 _aForsyth, David J. C.
773 0 _tThe Economic Journal
_g- Vol. 87, NÂș 346 (jun. 1977)
_wREV12512
999 _c26449
_d26449